MCU Logo Quiz - Statistics

General Stats
  • This quiz has been taken 236 times
  • The average score is 7 of 16
Answer Stats
Picture Hint Answer % Correct
The Avengers
98%
Black Widow
92%
The Fantastic Four
92%
HYDRA
88%
S.H.I.E.L.D
87%
Punisher
79%
Wakanda
45%
Captain Carter
44%
Be Specific Spider-Man 2099
37%
The New Avengers
26%
Nova Corp
22%
OSCORP
8%
Future Foundation
6%
TheDailyBugle.Net
6%
Friends of Humanity
4%
Worldwide Engineering Brigade
2%
No matching quizzes found
Score Distribution
Percent of People with Each Score
Percentile by Number Answered
Your Score History
You have not taken this quiz